000 01173nam a22003257a 4500
003 CHAP
005 20220329134126.0
008 971013s1977 r 00010 d
010 _a15788
011 _a16760
035 _a20842
040 _cCHAP
090 _aFolleto 5380
100 0 0 _aBewick, M. W. M.
_912118
245 _aConsiderations on the use of antibiotic fermetation wastes as fertilizers ; a review of their past use and potential effects on the soil ecosystem
260 _aSlough :
_bCommonwealth Bureau of Soils,
_c1977
300 _a20 p.
490 _aCommonwealth Bureau of Soil. Special publication
_v; 4
590 _aBATCH-UPD
_b10
_c20130110
_lUCH01
_h1915
590 _aBATCH-UPD
_b10
_c20130410
_lUCH01
_h1242
590 _aBATCH-UPD
_b10
_c20130914
_lUCH01
_h0352
590 _aCONVERSION
_b10
_c20130109
_lUCH01
_h1310
650 1 4 _aAntibióticos como fertilizantes.
_96049
650 1 4 _aAntibioticos
_xEfecto en plantas.
_96047
650 1 4 _aSuelos
_xEcología.
_9110343
830 0 _aCommonwealth Bureau of Soil. Special publication
_v; 4
_925994
901 _aBK
942 _cFOLL
949 _aFolleto 5380
_bBC
_cFOLL
_d-48490
_eTS1
_i20842
_si
999 _c15788
_d15788